000 00394nam a22001457a 4500
008 210518b ||||| |||| 00| 0 eng d
020 _a9780803636644-8591-12071
041 _aeng
080 _25th
_a610.73
082 _a610.73
100 _a2
101 _aINF
245 _aComprehensive Handbook of Laboratory Diagnostic Tests with Nursing Implications
_cLeeuwen,A.M.V
942 _2udc
_cBK
999 _c57378
_d57378